[Event "Catarinense-ch U20 Girls"]
[Site "Rio Negrinho"]
[Date "2023.03.25"]
[Round "4"]
[White "Feller, Gabriela Luisa Vice"]
[Black "Jurado, Laura Alves"]
[Result "1-0"]
[WhiteElo "1903"]
[BlackElo "1253"]
[PlyCount "31"]
[EventDate "2023.03.24"]
[EventType "swiss"]
[EventRounds "6"]
[EventCountry "BRA"]
[SourceTitle "CBM 213 Extra"]
[Source "ChessBase"]
[SourceDate "2023.05.31"]
[SourceVersion "1"]
[SourceVersionDate "2023.05.31"]
[SourceQuality "1"]

1. d4 d5 2. c4 c6 3. cxd5 cxd5 4. Nf3 Nf6 5. Nc3 Nc6 6. Bf4 Bf5 7. e3 Qb6 8. a3 e6 9. Bd3 Bg6 10. 0-0 Be7 11. Nb5 0-0 12. Bc7 Qa6 13. Be2 Nd8 14. Ne5 b6 15. Nd6 Qa5 16. b4 1-0

[Event "Araraquara op"]
[Site "Araraquara"]
[Date "2023.02.20"]
[Round "3.10"]
[White "Feller, Gabriela Luisa Vice"]
[Black "Saito, Vinicius Ikezu"]
[Result "0-1"]
[WhiteElo "1918"]
[BlackElo "2143"]
[PlyCount "80"]
[EventDate "2023.02.19"]
[EventType "swiss"]
[EventRounds "6"]
[EventCountry "BRA"]
[SourceTitle "CBM 213 Extra"]
[Source "ChessBase"]
[SourceDate "2023.05.31"]
[SourceVersion "1"]
[SourceVersionDate "2023.05.31"]
[SourceQuality "1"]

1. d4 Nf6 2. c4 g6 3. Nf3 Bg7 4. Nc3 0-0 5. Bg5 h6 6. Bh4 c5 7. d5 d6 8. e3 Na6 9. Bd3 Nc7 10. a4 Bd7 11. 0-0 Rb8 12. Qe2 a6 13. Rfd1 b5 14. axb5 axb5 15. Nxb5 Nxb5 16. Bxf6 Bxf6 17. cxb5 Qb6 18. Ra6 Qb7 19. b6 Qxd5 20. Bxg6 Qb3 21. Bd3 Rxb6 22. Rxb6 Qxb6 23. e4 Qxb2 24. Qe3 Bg7 25. e5 Be6 26. Rb1 Qa2 27. Qe4 Rc8 28. Qh7+ Kf8 29. exd6 exd6 30. Nh4 Qd5 31. Re1 Qg5 32. Rxe6 fxe6 33. Ng6+ Kf7 34. h4 Qf6 35. g3 c4 36. Bc2 e5 37. h5 d5 38. Nh4 e4 39. Nf5 Rh8 40. Nxh6+ Ke6 0-1

[Event "Rio de Janeiro Duchamp op 4th"]
[Site "Rio de Janeiro"]
[Date "2022.12.13"]
[Round "8"]
[White "Feller, Gabriela Luisa Vice"]
[Black "Menezes, Grasielle Da Silv"]
[Result "1-0"]
[WhiteElo "1907"]
[BlackElo "1793"]
[PlyCount "119"]
[EventDate "2022.12.07"]
[EventType "swiss"]
[EventRounds "9"]
[EventCountry "BRA"]
[SourceTitle "EXT 2024"]
[Source "ChessBase"]
[SourceDate "2023.10.10"]
[SourceVersion "1"]
[SourceVersionDate "2023.10.10"]
[SourceQuality "1"]

1. d4 Nf6 2. c4 g6 3. Nf3 Bg7 4. Nc3 0-0 5. Bf4 d6 6. h3 Nbd7 7. e3 Re8 8. Be2 e5 9. Bh2 exd4 10. Nxd4 Ne4 11. Nxe4 Rxe4 12. Bf3 Re8 13. 0-0 Ne5 14. Be2 Bd7 15. Qd2 Nc6 16. Bf3 Nxd4 17. exd4 Rb8 18. Rad1 Bc6 19. Bxc6 bxc6 20. b3 Qf6 21. Qa5 Re2 22. Qxc7 Rbe8 23. Qxc6 Bf8 24. a4 Qe6 25. a5 Rc8 26. Qf3 Bh6 27. Bf4 Bxf4 28. Qxf4 Rb8 29. d5 Qe7 30. Rd3 Re4 31. Qg3 Qc7 32. Ra1 Qc5 33. Qf3 Re5 34. g4 Rbe8 35. Qf6 R8e7 36. Kg2 Re4 37. Rf3 Qc7 38. Qc3 Qc5 39. Rc1 R7e5 40. b4 Qc8 41. Re3 Rxe3 42. fxe3 f5 43. g5 Qd8 44. h4 h6 45. gxh6 Qxh4 46. Rh1 Qe4+ 47. Kg1 Qg4+ 48. Kf2 f4 49. e4 g5 50. c5 Qg3+ 51. Qxg3 fxg3+ 52. Kf3 g2 53. Rg1 Kh7 54. cxd6 Re8 55. Rxg2 Kxh6 56. Rc2 Kg6 57. d7 Rd8 58. Rc7 a6 59. e5 Kf7 60. e6+ 1-0

[Event "Rio de Janeiro Duchamp op 4th"]
[Site "Rio de Janeiro"]
[Date "2022.12.12"]
[Round "7"]
[White "Becker, Rogerio Sperb"]
[Black "Feller, Gabriela Luisa Vice"]
[Result "1-0"]
[WhiteElo "2135"]
[BlackElo "1907"]
[PlyCount "121"]
[EventDate "2022.12.07"]
[EventType "swiss"]
[EventRounds "9"]
[EventCountry "BRA"]
[SourceTitle "CBM 211 Extra"]
[Source "ChessBase"]
[SourceDate "2023.01.31"]
[SourceVersion "1"]
[SourceVersionDate "2023.01.31"]
[SourceQuality "1"]

1. d4 c6 2. c4 d5 3. cxd5 cxd5 4. Nf3 Nf6 5. Nc3 Nc6 6. Ne5 e6 7. f4 Bb4 8. Qd3 Bd7 9. Bd2 Rc8 10. Nxd7 Qxd7 11. e3 0-0 12. Be2 Bxc3 13. Bxc3 Ne4 14. Bd2 Qe7 15. 0-0 Nb4 16. Bxb4 Qxb4 17. Rab1 Rc6 18. a3 Qa5 19. Rbc1 Rfc8 20. Rxc6 Rxc6 21. f5 exf5 22. Rxf5 Rc1+ 23. Rf1 Rxf1+ 24. Bxf1 Qe1 25. Qe2 Qc1 26. g3 Kf8 27. Kg2 Nd2 28. Kf2 Nxf1 29. Qxf1 Qxb2+ 30. Kf3 a6 31. Qh3 Qc2 32. Qd7 Qe4+ 33. Kf2 g6 34. Qxb7 Qc2+ 35. Kf3 Qd1+ 36. Kf4 Qf1+ 37. Ke5 Qf5+ 38. Kd6 Qe6+ 39. Kc5 Qxe3 40. Qb8+ Ke7 41. Qd6+ Ke8 42. Qe5+ Qxe5 43. dxe5 d4 44. Kxd4 Kd7 45. Kd5 g5 46. g4 h6 47. a4 a5 48. Kc5 Ke6 49. Kb5 Kxe5 50. Kxa5 Kf4 51. h3 Kg3 52. Kb4 Kxh3 53. a5 Kxg4 54. a6 f5 55. a7 f4 56. a8Q f3 57. Kc3 Kg3 58. Kd2 h5 59. Ke3 g4 60. Qb8+ Kg2 61. Qb2+ 1-0

[Event "Rio de Janeiro Duchamp op 4th"]
[Site "Rio de Janeiro"]
[Date "2022.12.09"]
[Round "3"]
[White "Zhong, Lanxin"]
[Black "Feller, Gabriela Luisa Vice"]
[Result "1/2-1/2"]
[WhiteElo "1333"]
[BlackElo "1907"]
[PlyCount "129"]
[EventDate "2022.12.07"]
[EventType "swiss"]
[EventRounds "9"]
[EventCountry "BRA"]
[SourceTitle "CBM 211 Extra"]
[Source "ChessBase"]
[SourceDate "2023.01.31"]
[SourceVersion "1"]
[SourceVersionDate "2023.01.31"]
[SourceQuality "1"]

1. e4 c6 2. d4 d5 3. exd5 cxd5 4. c4 Nf6 5. Nc3 e6 6. Nf3 Be7 7. cxd5 Nxd5 8. Nxd5 Qxd5 9. Bd3 Nc6 10. 0-0 0-0 11. b3 Bf6 12. Be3 g6 13. Bc4 Qd7 14. Qd2 Rd8 15. Rad1 Ne7 16. Rfe1 a6 17. Bd3 Nd5 18. Bg5 b5 19. Be4 Bb7 20. Bxf6 Nxf6 21. Bxb7 Qxb7 22. Qh6 Rd5 23. Qh4 Kg7 24. Re5 Rad8 25. Rde1 Qc7 26. g3 h6 27. Qf4 Qa5 28. Rxd5 Rxd5 29. Re2 Qc3 30. Qe3 Qxe3 31. fxe3 Ne4 32. Rc2 b4 33. Kf1 Rf5 34. Kg2 Nc3 35. Ne5 h5 36. Nc6 a5 37. Ne5 f6 38. Nf3 Rd5 39. Ng1 e5 40. Nf3 Kf7 41. dxe5 fxe5 42. Nd2 Ke6 43. Kf3 g5 44. h3 Kd6 45. Ne4+ Nxe4 46. Kxe4 Rd1 47. Rh2 Rf1 48. Rd2+ Ke6 49. Rd5 Rh1 50. Rxe5+ Kf6 51. h4 gxh4 52. Rxh5 Ra1 53. Rf5+ Kg6 54. gxh4 Rxa2 55. Rg5+ Kf6 56. Kd3 a4 57. bxa4 Rxa4 58. Kc4 b3+ 59. Kxb3 Rxh4 60. Rg1 Rh3 61. Re1 Ke5 62. Kc3 Ke4 63. Kd2 Rh2+ 64. Re2 Rxe2+ 65. Kxe2 1/2-1/2

[Event "Niteroi op 2nd"]
[Site "Niteroi"]
[Date "2022.09.07"]
[Round "9"]
[White "Feller, Gabriela Luisa Vice"]
[Black "Okamura, Milton Kasuo"]
[Result "1-0"]
[WhiteElo "1869"]
[BlackElo "1960"]
[PlyCount "57"]
[EventDate "2022.09.01"]
[EventType "swiss"]
[EventRounds "9"]
[EventCountry "BRA"]
[SourceTitle "EXT 2024"]
[Source "ChessBase"]
[SourceDate "2023.10.10"]
[SourceVersion "1"]
[SourceVersionDate "2023.10.10"]
[SourceQuality "1"]

1. d4 d5 2. c4 e6 3. cxd5 exd5 4. Nf3 Nf6 5. Bg5 Be7 6. Bxf6 Bxf6 7. Qc2 g6 8. Nc3 0-0 9. e3 c6 10. Be2 Re8 11. b4 Nd7 12. b5 Nb6 13. bxc6 bxc6 14. 0-0 Bf5 15. Bd3 Bxd3 16. Qxd3 Rb8 17. Rab1 Qe7 18. Nd2 Qc7 19. Rfc1 Re6 20. a4 Rd8 21. a5 Nc8 22. Na4 Rde8 23. Qa6 c5 24. Qb5 Qe7 25. Nxc5 Nd6 26. Qd3 Bg5 27. Nxe6 Qxe6 28. Nf3 Bf6 29. Rc6 1-0

[Event "Santa Catarina-ch U18 Girls"]
[Site "Blumenau"]
[Date "2022.03.27"]
[Round "5"]
[White "Da Luz, Amanda Beatriz"]
[Black "Feller, Gabriela Luisa Vice"]
[Result "0-1"]
[WhiteElo "1142"]
[BlackElo "1915"]
[PlyCount "118"]
[EventDate "2022.03.25"]
[EventType "swiss"]
[EventRounds "6"]
[EventCountry "BRA"]
[SourceTitle "EXT 2023"]
[Source "ChessBase"]
[SourceDate "2022.10.05"]
[SourceVersion "1"]
[SourceVersionDate "2022.10.05"]
[SourceQuality "1"]

1. d4 d5 2. g3 Nf6 3. Bg2 Bf5 4. Nf3 e6 5. 0-0 c5 6. c4 Nc6 7. Qa4 Qa5 8. Qxa5 Nxa5 9. cxd5 Nxd5 10. Nh4 Bg6 11. dxc5 Bxc5 12. Bxd5 exd5 13. Nxg6 hxg6 14. Nc3 Rd8 15. Rd1 d4 16. Ne4 Bb6 17. b3 f6 18. Rd3 Kf7 19. Ba3 Rh5 20. Rc1 Re5 21. f3 f5 22. Ng5+ Ke8 23. Kf1 Rd7 24. Rc8+ Bd8 25. f4 Red5 26. Ne6 Nc6 27. Nxd8 Nxd8 28. Bb2 Kf7 29. Rc4 Nc6 30. a3 a6 31. e3 dxe3 32. Rxe3 Rd2 33. Re2 R7d3 34. Rc3 Rd5 35. b4 Na7 36. Rce3 Nb5 37. Be5 Na7 38. Kf2 Nc6 39. Bb2 a5 40. bxa5 Nxa5 41. Rc3 b5 42. Kf3 Nc4 43. Bc1 R2d3+ 44. Rxd3 Rxd3+ 45. Kf2 Nxa3 46. Re5 b4 47. Ra5 Rc3 48. Ra7+ Ke6 49. Bxa3 bxa3 50. Kg2 Rc2+ 51. Kh3 a2 52. Ra5 Kd6 53. g4 fxg4+ 54. Kg3 Kc6 55. Ra8 Kb5 56. Rb8+ Kc5 57. Rc8+ Kd6 58. Rd8+ Kc6 59. Rc8+ Kb7 0-1

[Event "Florianopolis op 8th"]
[Site "Florianopolis"]
[Date "2022.01.25"]
[Round "3"]
[White "Feller, Gabriela Luisa Vice"]
[Black "Do Amaral Vailant, Helena Ketheryne"]
[Result "1-0"]
[WhiteElo "1864"]
[BlackElo "1497"]
[PlyCount "95"]
[EventDate "2022.01.24"]
[EventType "swiss"]
[EventRounds "10"]
[EventCountry "BRA"]
[SourceTitle "EXT 2023"]
[Source "ChessBase"]
[SourceDate "2022.10.05"]
[SourceVersion "1"]
[SourceVersionDate "2022.10.05"]
[SourceQuality "1"]

1. d4 f5 2. g3 Nf6 3. Bg2 g6 4. c4 d6 5. Nc3 Bg7 6. Nf3 0-0 7. 0-0 Nbd7 8. Ng5 Nb6 9. c5 dxc5 10. dxc5 Qxd1 11. Rxd1 Nc4 12. Nd5 c6 13. Nxe7+ Kh8 14. Nxc8 Raxc8 15. Ne6 Rfe8 16. Nxg7 Kxg7 17. b3 Ne5 18. Bb2 Kf7 19. Kf1 Ned7 20. b4 a6 21. Rd6 Re7 22. Rad1 Rce8 23. e3 Ne5 24. Rxf6+ Kxf6 25. f4 h6 26. Bxe5+ Kf7 27. Ke1 g5 28. Bf1 Kg6 29. Rd6+ Re6 30. Bc4 Rxd6 31. cxd6 gxf4 32. exf4 h5 33. d7 Rd8 34. Be6 b6 35. Bc7 Kf6 36. Bxf5 Kxf5 37. Bxd8 Ke6 38. Bxb6 Kxd7 39. Ke2 Ke6 40. Ke3 Kd5 41. Bd4 Kd6 42. f5 Kd5 43. f6 Ke6 44. Kf4 Kf7 45. Kg5 Kf8 46. Kg6 Kg8 47. f7+ Kf8 48. Bc5# 1-0

[Event "Pan American-ch U2000"]
[Site "Timbo"]
[Date "2021.12.01"]
[Round "2"]
[White "Dias, Matheus Nunes"]
[Black "Feller, Gabriela Luisa Vice"]
[Result "0-1"]
[WhiteElo "1701"]
[BlackElo "1783"]
[PlyCount "40"]
[EventDate "2021.12.01"]
[EventType "swiss"]
[EventRounds "9"]
[EventCountry "BRA"]
[SourceTitle "CBM 205 Extra"]
[Source "ChessBase"]
[SourceDate "2022.01.31"]
[SourceVersion "1"]
[SourceVersionDate "2022.01.31"]
[SourceQuality "1"]

1. d4 d5 2. c4 c6 3. cxd5 cxd5 4. Bf4 Nf6 5. Nc3 Bf5 6. Qb3 Qb6 7. Nxd5 Nxd5 8. Qxd5 e6 9. Qc4 Bb4+ 10. Kd1 Nc6 11. e3 0-0 12. Bd3 Rfd8 13. Nf3 Rac8 14. Qb5 Bxd3 15. Qxd3 Be7 16. Qb3 Qa6 17. Rc1 Na5 18. Rxc8 Nxb3 19. Rxd8+ Bxd8 20. axb3 Qa1+ 0-1

[Event "Amazons Pride Blitz"]
[Site "Chess.com INT"]
[Date "2021.10.23"]
[Round "8"]
[White "Feller, Gabriela Luisa Vice"]
[Black "Larina, Marija"]
[Result "0-1"]
[WhiteElo "1761"]
[BlackElo "1948"]
[PlyCount "102"]
[EventDate "2021.10.23"]
[EventType "swiss (blitz)"]
[EventRounds "9"]
[EventCountry "USA"]
[SourceTitle "CBM 204 Extra"]
[Source "ChessBase"]
[SourceDate "2021.11.30"]
[SourceVersion "1"]
[SourceVersionDate "2021.11.30"]
[SourceQuality "1"]

1. d4 f5 2. c4 Nf6 3. Nc3 d6 4. Nf3 g6 5. g3 Bg7 6. Bg2 0-0 7. 0-0 Nc6 8. b3 e5 9. dxe5 dxe5 10. Bb2 e4 11. Ne1 Be6 12. Nc2 Qxd1 13. Raxd1 Rfd8 14. Na4 Bf7 15. Nc5 b6 16. Na6 Rac8 17. Rxd8+ Nxd8 18. Rd1 Ne6 19. Nab4 c5 20. Nd5 Nxd5 21. Rxd5 Bxb2 22. Rd7 Rc7 23. Rd6 Be5 24. Rd1 Kf8 25. Ne3 Nd4 26. Kf1 a6 27. f4 Bf6 28. Ke1 Ke7 29. Nf1 b5 30. e3 Nc2+ 31. Ke2 Nb4 32. cxb5 axb5 33. a3 Nd3 34. g4 Bxb3 35. Rb1 Bc4 36. Kd2 Ra7 37. gxf5 gxf5 38. Bh3 Be6 39. Ng3 Rxa3 40. Nxf5+ Bxf5 41. Bxf5 Ra2+ 42. Kd1 b4 43. Bxe4 Nf2+ 44. Ke1 Nxe4 45. Rc1 Nc3 46. e4 b3 47. e5 Bh4+ 48. Kf1 Rc2 49. Ra1 b2 50. Ra7+ Ke6 51. Ra6+ Kf5 0-1

[Event "Amazons Pride Blitz"]
[Site "Chess.com INT"]
[Date "2021.10.23"]
[Round "4"]
[White "Kabanova, Ekaterina"]
[Black "Feller, Gabriela Luisa Vice"]
[Result "1-0"]
[WhiteElo "2138"]
[BlackElo "1761"]
[PlyCount "55"]
[EventDate "2021.10.23"]
[EventType "swiss (blitz)"]
[EventRounds "9"]
[EventCountry "USA"]
[SourceTitle "CBM 204 Extra"]
[Source "ChessBase"]
[SourceDate "2021.11.30"]
[SourceVersion "1"]
[SourceVersionDate "2021.11.30"]
[SourceQuality "1"]

1. c4 c6 2. e3 d5 3. Nf3 Nf6 4. Qc2 g6 5. a3 Bg7 6. d3 0-0 7. Nbd2 Nbd7 8. Be2 e5 9. h3 Re8 10. 0-0 Nb6 11. Rb1 dxc4 12. dxc4 Bf5 13. e4 Be6 14. c5 Nbd7 15. Rd1 Qe7 16. b4 Rad8 17. Bb2 Nh5 18. Nc4 Bxc4 19. Bxc4 Nf4 20. Rd6 Nb8 21. Rbd1 Rxd6 22. Rxd6 Rd8 23. Qd2 Rxd6 24. cxd6 Qd7 25. Bxe5 Nxh3+ 26. gxh3 Qxh3 27. Qf4 Bh6 28. Qxf7# 1-0

[Event "BRA-ch U20 Girls"]
[Site "Concordia"]
[Date "2021.10.01"]
[Round "3"]
[White "Kikuchi Cadilhac, Mariana Sawae"]
[Black "Feller, Gabriela Luisa Vice"]
[Result "0-1"]
[WhiteElo "1762"]
[BlackElo "1761"]
[PlyCount "96"]
[EventDate "2021.09.30"]
[EventType "swiss"]
[EventRounds "6"]
[EventCountry "BRA"]
[SourceTitle "EXT 2023"]
[Source "ChessBase"]
[SourceDate "2022.10.05"]
[SourceVersion "1"]
[SourceVersionDate "2022.10.05"]
[SourceQuality "1"]

1. e4 c6 2. c4 d5 3. exd5 cxd5 4. cxd5 Nf6 5. Nc3 g6 6. Bc4 Bg7 7. Nf3 0-0 8. 0-0 Nbd7 9. Re1 Nb6 10. d3 Nbxd5 11. Nxd5 Nxd5 12. Bxd5 Qxd5 13. Rxe7 Be6 14. d4 Rac8 15. Bf4 Bf6 16. Rc7 Rxc7 17. Bxc7 Bg4 18. Be5 Bxf3 19. Qxf3 Qxf3 20. gxf3 Bxe5 21. dxe5 Rc8 22. Kg2 Rc2 23. b3 Kf8 24. Kg3 g5 25. a3 Ke7 26. Re1 Ke6 27. Re3 Kf5 28. Re4 Rc5 29. Rb4 b6 30. f4 Rc3+ 31. Kg2 gxf4 32. Rb5 Rc5 33. Rb4 Kxe5 34. Kf3 Rc3+ 35. Ke2 f5 36. Rb5+ Kf6 37. a4 Kg5 38. b4 Kg4 39. a5 Rc2+ 40. Ke1 Kf3 41. axb6 axb6 42. Rxb6 Re2+ 43. Kd1 Kxf2 44. b5 Rb2 45. Rb7 h5 46. b6 f3 47. Rb8 Ke3 48. Re8+ Kf4 0-1

[Event "Titled Tuesday intern op 24th Aug"]
[Site "Chess.com INT"]
[Date "2021.08.24"]
[Round "1"]
[White "Krutko, Anatoly"]
[Black "Feller, Gabriela Luisa Vice"]
[Result "1-0"]
[WhiteElo "2397"]
[BlackElo "1761"]
[PlyCount "45"]
[EventDate "2021.08.24"]
[EventType "swiss (blitz)"]
[EventRounds "11"]
[EventCountry "USA"]
[SourceTitle "EXT 2022"]
[Source "ChessBase"]
[SourceDate "2021.10.06"]
[SourceVersion "1"]
[SourceVersionDate "2021.10.06"]
[SourceQuality "1"]

1. e4 c6 2. Nc3 d5 3. Qe2 dxe4 4. Nxe4 Nf6 5. Nxf6+ gxf6 6. b3 Bf5 7. Bb2 e6 8. 0-0-0 Nd7 9. g4 Bg6 10. f4 Be7 11. f5 exf5 12. gxf5 Bxf5 13. Bh3 Bxh3 14. Nxh3 Qc7 15. Rhe1 Ne5 16. d4 Ng6 17. d5 0-0-0 18. dxc6 Qxc6 19. Nf4 Rxd1+ 20. Rxd1 Nxf4 21. Qxe7 Re8 22. Qxf7 Nd5 23. Qxd5 1-0

[Event "Titled Tuesday intern op 03rd Aug"]
[Site "Chess.com INT"]
[Date "2021.08.03"]
[Round "6"]
[White "Mirzanurov, Bulat"]
[Black "Feller, Gabriela Luisa Vice"]
[Result "1-0"]
[WhiteElo "2238"]
[BlackElo "1761"]
[PlyCount "39"]
[EventDate "2021.08.03"]
[EventType "swiss (blitz)"]
[EventRounds "11"]
[EventCountry "USA"]
[SourceTitle "CBM 203 Extra"]
[Source "ChessBase"]
[SourceDate "2021.09.30"]
[SourceVersion "1"]
[SourceVersionDate "2021.09.30"]
[SourceQuality "1"]

1. e4 c6 2. d4 d5 3. exd5 cxd5 4. Bd3 Nf6 5. h3 h5 6. c3 e6 7. Nf3 Bd6 8. 0-0 0-0 9. Re1 Nbd7 10. Nbd2 b6 11. Qe2 a5 12. Ne5 Bb7 13. Ndf3 Qc8 14. Ng5 g6 15. Nexf7 Rxf7 16. Nxf7 Kxf7 17. Qxe6+ Kg7 18. Qxd6 Qc6 19. Qe7+ Kg8 20. Bxg6 1-0